| 000 | 00431nam a2200133Ia 4500 | ||
|---|---|---|---|
| 008 | 231129s9999||||xx |||||||||||||| ||spa|| | ||
| 020 | _a958-682-545-0 | ||
| 040 | _bspa | ||
| 082 | _a305 F383d | ||
| 100 | _aFerreira Francisco H.G. | ||
| 245 | 0 | _aLa desigualdad en América Latina: ¿Rompiendo con la historia? | |
| 264 | _aBogotá Colombia : Alfaomega : Banco Mundial | ||
| 942 |
_2ddc _cBKS |
||
| 999 |
_c16848 _d16848 |
||